Sledovanie účinnosti a rozvoj systému výchovno-vzdelávacej práce telesnej výchovy na Vysokej škole ekonomickej v Bratislave záverečná správa RŠ-VII-01-05/03
Gespeichert in:
| Format: | Buch |
|---|---|
| Sprache: | Slowakisch |
| Veröffentlicht: |
Bratislava
VŠE
1989
|
| Tags: |
Keine Tags, Fügen Sie das erste Tag hinzu!
|
MARC
| LEADER | 00000nam a2200000 4500 | ||
|---|---|---|---|
| 001 | c040482 | ||
| 005 | 20260326070628.7 | ||
| 041 | 0 | |a slo | |
| 044 | |a SK | ||
| 245 | 1 | 0 | |a Sledovanie účinnosti a rozvoj systému výchovno-vzdelávacej práce telesnej výchovy na Vysokej škole ekonomickej v Bratislave |b záverečná správa RŠ-VII-01-05/03 |
| 264 | 1 | |a Bratislava |b VŠE |c 1989 | |
| 300 | |a 44 s. | ||